000 00841cam a2200277 4500
001 J106574
008 000000n1999 000 0 eng u
035 _a(Sirsi) u106574
050 _a711.558
110 _aOxford Brookes University
_9281
245 _aPractical guidance for tourism management in historic towns : making the connection
260 _bOxford Brookes University
_c1999
300 _a69p. ; 30cm.
490 _aWorking Paper
_vNo. 183
520 _aConference proceedings held at St. Catherine's college, Oxford 9th July 1999
650 _aTOURISM
650 _aTOURIST ATTRACTIONS
650 _aTRAFFIC
650 _aCONSERVATION
650 _aHISTORIC TOWNS
650 _aHISTORIC CITIES
690 _aLEISURE AND RECREATION
700 _aBreakelhMike
_xEditor
700 _aHuman, Brian
942 _n0
999 _c100582
_d100582